Οι Μαύρες τρύπες και το σύμπαν

Αποθηκεύτηκε σε:
Λεπτομέρειες βιβλιογραφικής εγγραφής
Κύριος συγγραφέας: Novikov, Igor
Άλλοι συγγραφείς: Τραυλού, Ευριδίκη (trlf)
Μορφή: Βιβλίο
Γλώσσα:Greek
English
Δημοσίευση: Αθήνα : Κωσταράκη, 1992.
Θέματα:
Ετικέτες: Προσθήκη ετικέτας
Δεν υπάρχουν, Καταχωρήστε ετικέτα πρώτοι!

MARC

LEADER 00000cam a2200000 i 4500
001 1/32182
008 931105s1992 gr | ||| |||| ||gre||
020 |a 960712202X  
035 |a 1993  |l 10039032 
035 |a 1995  |b 1  |c Μαμαλίγκα 
040 |a GR-MY-UA  |b gre  |e aacr 
041 1 |a gre  |h eng 
082 0 |a 523.8875 
100 1 |a Novikov, Igor. 
245 1 3 |a Οι Μαύρες τρύπες και το σύμπαν /   |c Igor Novikov ; μετάφραση Ευριδίκη Τραυλού, Θάνος Χριστακόπουλος.  
260 |a Αθήνα :   |b Κωσταράκη,   |c 1992.  
300 |a 234 σ. ;   |c 20 εκ.  
500 |a Τίτλος πρωτοτύπου: Chernye dyry i Vselennaia 
650 0 0 |a Cosmology. 
650 0 0 |a Black holes (Astronomy) 
700 1 |a Τραυλού, Ευριδίκη,  |e trlf 
852 |a INST  |b RHODES  |e 19960829  |h 523.8875 NOV  |p 005400007102  |q 005400007102  |t BK  |y 0 
852 |a INST  |b SAMOS  |e 19931105  |h 523.8875 NOV  |p 005300009206  |q 005300009206  |t BK  |y 0 
852 |a INST  |b SAMOS  |e 20151001  |h 523.8875 NOV  |p 005300042906  |q 005300042906  |t BK  |y 0 
909 |a Σ  |b 029825 
909 |a Ρ  |b 040084 
920 |a Μάγειρας  |b Παναγιώτης  |y Σάμος  |z 2008-09 
970 |a Σιτζίμη  |b Γιασεμή  |z 01/10/2015